000 00966nam a2200253 a 4500
005 20070209063634.0
008 060905s2006 ii b b 001 0 eng
010 _aENG-93468
020 _a8188683426
_c480.00
020 _a9788188683420
_c480.00
035 _aEN-77001
037 _bDBAD / PUB
040 _adpl
_bEnglish
082 _a301.153
100 _aBourai, Himanshu
245 _aGandhian philosophy and the new world order /
_cby Himanshu Bourai
260 _aDelhi
_bAbhijeet Publications
_c2004
270 _a2/46 Tukhmeerpur Extension
_bDelhi
_e110094
300 _aviii, 227p.
_c22cm (Hb)
500 _aIncludes bibliographical references and index
600 _aGandhi, Mahatma,1869-1948.
_xphilosophy.
942 _2ddc
_cEN
_mBOU
_h301.153
999 _c26142
_d26142